000 00409nam a22001577a 4500
005 20231121063504.0
008 231121b |||||||| |||| 00| 0 eng d
041 _aEnglish
082 _a343.4 SAL
100 _lEnglish
245 _aSales Tax :
_bGeneral Guide
260 _c1980
300 _b108 pages ;
_c30,4 cm.
650 _aLegal practice
_bLaw
942 _cBK
_6ALISON_BN_VRIES
999 _c816
_d816